| Tag |
First Indicator |
Second Indicator |
Subfields |
| LEADER |
00000cam a22000001i 4500 |
| 001 |
in00003948721 |
| 006 |
m d f |
| 007 |
cr bn mmmapmmp |
| 008 |
441025s1944 dcu o f000 0 eng d |
| 005 |
20250210235027.7 |
| 035 |
|
|
|a ebd1943003898
|
| 040 |
|
|
|a UMI
|c UMI
|e rda
|d UtOrBLW
|
| 086 |
0 |
|
|a SI 1.14:19
|
| 099 |
|
|
|a SI1.14..19
|
| 110 |
2 |
|
|a Smithsonian Institution.
|0 http://id.loc.gov/authorities/names/n79053968
|
| 245 |
1 |
0 |
|a Peoples of French Indochina.
|
| 264 |
|
1 |
|a [Washington] :
|b [s.n.],
|c 1944.
|
| 300 |
|
|
|a 1 online resource (60 pages), digital, PDF file
|
| 336 |
|
|
|a text
|b txt
|2 rdacontent
|
| 337 |
|
|
|a computer
|b c
|2 rdamedia
|
| 338 |
|
|
|a online resource
|b cr
|2 rdacarrier
|
| 500 |
|
|
|a Includes illustrations.
|
| 533 |
|
|
|a Electronic reproduction.
|b [Bethesda, Md.] :
|c ProQuest,
|d 2016
|e digital, PDF file.
|n ProQuest U.S. Executive Branch Documents
|n Mode of access: World Wide Web via ProQuest website.
|
| 588 |
|
|
|a Record is based on online resource; title from PDF title page (ProQuest, last viewed Nov. 2016). Reuse except for individual research requires license from ProQuest, LLC.
|
| 650 |
|
0 |
|a Colonies.
|0 http://id.loc.gov/authorities/subjects/sh85028562
|
| 650 |
|
0 |
|a Geography.
|0 http://id.loc.gov/authorities/subjects/sh85053986
|
| 650 |
|
0 |
|a Minorities.
|0 http://id.loc.gov/authorities/subjects/sh85085792
|
| 651 |
|
0 |
|a France.
|0 http://id.loc.gov/authorities/names/n79006404
|
| 856 |
4 |
0 |
|u http://proxy.library.tamu.edu/login?url=http://congressional.proquest.com/congressional/docview/t66.d71.si1.14..19?
|y Electronic resource (PDF)
|t 0
|
| 999 |
f |
f |
|s a26a2b38-d0b5-3e0c-b7ef-471e0a54ceab
|i 3d9555b9-a185-3418-96c6-fd7e6a00e3f5
|t 0
|
| 952 |
f |
f |
|a Texas A&M University
|b College Station
|c Electronic Resources
|d Available Online
|t 0
|h No information provided
|
| 998 |
f |
f |
|t 0
|l Available Online
|